Direito ambiental do trabalho Volume 4

Detalles Bibliográficos
Autor principal: Guimarês Feliciano, Guilherme
Otros Autores: Lemgruber Ebert, Paulo Roberto
Formato: eBook
Lenguaje:portugués
Publicado: San Pablo: LTR, 2018
Materias:
Acceso en línea:Acceso restringido

MARC

LEADER 00000nam a22000007a 4500
005 20180907203018.0
007 cr|||| ||||
008 180907s2018 br |||||s|||| 00||0 por d
020 |a 978-85-361-9693-0 
035 |a 22013 
040 |a vLex 
090 |c 8094  |d 8094 
100 1 |a Guimarês Feliciano, Guilherme 
245 1 0 |a Direito ambiental do trabalho  |h [Recurso electrn̤ico] /  |c Guilherme Guimarês Feliciano, Paulo Roberto Lemgruber Ebert  |n Volume 4 
256 |a Servicio en ln̕ea 
260 |a San Pablo:  |b LTR,  |c 2018 
300 |a 1 recurso electrn̤ico 
506 1 |a Disponible solo en los productos indicados  |d vLex Global  |d vLex Global (Academic Edition, excluding Law Schools)  |d vLex Global (U.S. Academic Edition, Law Schools)  |d vLex Global (U.S. Academic Edition, excluding Law Schools)  |d vLex Global (Academic Edition, Law Schools) 
650 0 4 |a Derecho Laboral y Seguridad Social  |z Brasil 
700 1 |a Lemgruber Ebert, Paulo Roberto 
740 0 |a vLex Libros (Servicio en ln̕ea) 
856 4 0 |u http://vlex.com/source/direito-ambiental-trabalho-volume-4-22013  |z Acceso restringido 
942 |c BOOK 
999 0 |a Labor law and social security